Statistics for Државе које се граниче са Немачком

Click here to take the quiz!

General Stats

  • This quiz has been taken 171 times
  • The average score is 8 of 9

Answer Stats

Дужина
границе
Држава% Correct
784 кмАустрија
96%
167 кмБелгија
93%
456 кмПољска
92%
451 кмФранцуска
92%
577 кмХоландија
90%
334 кмШвајцарска
90%
68 кмДанска
88%
815 кмЧешка
86%
138 кмЛуксембург
86%

Score Distribution

Percentile by Number Answered

Percent of People with Each Score

Your Score History

You have not taken this quiz